00772nac a22001931u 4500010001600000020001500016082001700031090001500048100003400063245014100097260006800238300003500306504005100341650001600392700003200408942001900440999001500459952010400474 a 93017109 a981021349200a681.4bM4292 c3998d3998 aMatsui, Yoshiya. 10aFundamentals of practical aberration theory :bfundamental knowledge and technics for optical designers /cYoshiya Matsui, Kyoji Nariai. aSingapore ;aRiver Edge, N.J. :bWorld Scientific, 1993cc1993. aviii, 182 p. :bill. ;c23 cm. aIncludes bibliographical references and index. 0aAberration.1 aNariai, Kyōji,d1937- cBBk681.4M4292 c3998d3998 00104070aMAINbMAINc1STd2014-08-07ePurchasel0o681.4 MATp000000061r2025-07-15 00:00:00yBB